| 000 | 00636nam a2200229Ia 4500 | ||
|---|---|---|---|
| 003 | OSt | ||
| 005 | 20251013185635.0 | ||
| 008 | 210423s2003 xx 000 0 und d | ||
| 020 | _a8170337585 | ||
| 040 | _cAL | ||
| 041 | _aEnglish | ||
| 082 |
_a361.32 _bUPAS |
||
| 100 |
_aUpadhyay R K _9118663 |
||
| 245 |
_aSocial casework _b: a therapeutic approach |
||
| 260 |
_aLondon _bRawat Publications _c2003 |
||
| 300 |
_avii,260 _bHB |
||
| 365 |
_b550 _cINR |
||
| 650 |
_aSocial Problems & Services _9118664 |
||
| 650 |
_aSocial Work _9118665 |
||
| 906 | _aapproach ; casework: ; casework:a ; Social ; therapeutic | ||
| 942 |
_2ddc _cBK |
||
| 999 |
_c174741 _d174741 |
||